| 000 | 00682nam a2200229 i 4500 | ||
|---|---|---|---|
| 001 | bgj | ||
| 100 | 1 | _aHILLERMANN, Tony. | |
| 245 | 1 | 0 |
_aSkinwalkers / _cTony Hillerman. |
| 260 |
_aNew York : _bHarper Paperbacks, _c1990. |
||
| 300 |
_a299 pp ; _c18 cm. |
||
| 505 | _aIncludes chapter one from Tony Hillermann's "Fly of the wall" p. 285-299. | ||
| 650 | 9 |
_aPolice _xFiction _zSouthwestern States |
|
| 650 | 9 |
_aNavajo Indians _xFiction |
|
| 650 | 9 | _aDetective and mystery stories | |
| 651 | 9 |
_aSouthwestern States _xFiction |
|
| 020 | _a0061000175 | ||
| 040 | _cBPK | ||
| 041 | 0 | _aeng | |
| 920 | _a0-06-100017-5 | ||
| 942 | _cKS | ||
| 008 | s uk f |000 0 eng | ||
| 999 |
_c48344 _d48344 |
||